000 00470nam a2200193Ia 4500
005 20250423101349.0
008 250422s9999 xx 000 0 und d
020 _a0-393-97565-7
050 _aPR1109.A2
100 _aAlfred David
245 4 _aThe Norton Anthology of English Literature
250 _aSeventh Edition
260 _aNew York
260 _bW.W. Norton & Company. Inc
260 _c1999
300 _a465 p
650 _aLiterature
942 _cBK
999 _c36088
_d36088